| 000 | 00524nam a2200169 a 4500 | ||
|---|---|---|---|
| 001 | 000036453 | ||
| 005 | 20200930075735.0 | ||
| 008 | 120118s1986 sp ad 000 0 spa d | ||
| 020 | _a8475921043 | ||
| 040 |
_aDO-SdBNP _bspa _cBNPHU |
||
| 082 |
_axxx _bG216 |
||
| 100 | 1 |
_aGarcía-Ortega, M. P. _962672 |
|
| 245 | 1 | 3 |
_aLo fundamental en alergia / _cM. P. García-Ortega ; prólogo J. Rubies- Prat. |
| 260 |
_aBarcelona : _bDoyma, _c1986. |
||
| 300 |
_a90 p. : _bil., retrs ; _c21 cm. |
||
| 700 | 1 |
_aRubies-Prat, J. _epról. _962673 |
|
| 999 |
_c35944 _d35944 |
||